Global warming and offices (Record no. 73374)

MARC details
000 -LEADER
fixed length control field 00955cam a2200205 4500
001 - CONTROL NUMBER
control field WB3934-01
008 - FIXED-LENGTH DATA ELEMENTS--GENERAL INFORMATION
fixed length control field 030909n2003 000 0 eng u
035 ## - SYSTEM CONTROL NUMBER
System control number (Sirsi) u123533
245 ## - TITLE STATEMENT
Title Global warming and offices
260 ## - PUBLICATION, DISTRIBUTION, ETC.
Date of publication, distribution, etc. 2003
490 ## - SERIES STATEMENT
Series statement Building
Volume/sequential designation 5 September 2003, 11(1)
520 ## - SUMMARY, ETC.
Summary, etc. Experts have warned that global warming could make nearly three quarters of commercial buildings unusable by the year 2030. This is because around 70% of buildings are naturally ventilated and they become very uncomfortable in the summer. These warnings have a consequence for lightweight construction methods as the heavier building materials make the buildings more efficient at absorbing heat during the day to keep a building cool.
590 ## - LOCAL NOTE (RLIN)
Local note WB
650 ## - SUBJECT ADDED ENTRY--TOPICAL TERM
Topical term or geographic name entry element GLOBAL WARMING
650 ## - SUBJECT ADDED ENTRY--TOPICAL TERM
Topical term or geographic name entry element CLIMATE CHANGE
650 ## - SUBJECT ADDED ENTRY--TOPICAL TERM
Topical term or geographic name entry element COMMERCIAL BUILDINGS
650 ## - SUBJECT ADDED ENTRY--TOPICAL TERM
Topical term or geographic name entry element NATURAL VENTILATION
690 ## - LOCAL SUBJECT ADDED ENTRY--TOPICAL TERM (OCLC, RLIN)
Topical term or geographic name as entry element BUILT ENVIRONMENT-CONSTRUCTION DESIGN
942 ## - ADDED ENTRY ELEMENTS (KOHA)
Suppress in OPAC 0
Holdings
Withdrawn status Lost status Source of classification or shelving scheme Damaged status Not for loan Home library Current library Shelving location Date acquired Total Checkouts Full call number Barcode Date last seen Copy number Price effective from Koha item type
    Dewey Decimal Classification     London London News article 09/09/2003   WB3934-01 123533-1001 06/08/2019 1 06/08/2019 News article